| 000 | 00506nam a22001817a 4500 | ||
|---|---|---|---|
| 005 | 20230118111045.0 | ||
| 008 | 200520b xxu||||| |||| 00| 0 eng d | ||
| 020 | _a9789374734841 | ||
| 041 | _aeng | ||
| 082 | _a615.19 GAN | ||
| 100 |
_aGANGULI, SUBARNA _95559 |
||
| 245 | _aText Book of Pharmaceutical Analysis concepts on tirimetric analysis done in Pharmacy | ||
| 250 | _a2'nd | ||
| 260 |
_aDelhi _bAITBS PUBLISHERS _c2020 |
||
| 300 | _a157, vii | ||
| 650 |
_aPharmacy _xD.PHARMA _97090 |
||
| 942 | _cBK | ||
| 999 |
_c6302 _d6300 |
||